000 00856cab a2200289 4500
001 ABS51314
008 090401t1994 xxu||||| |||| 00| 0 eng d
035 _a(Sirsi) u21465
041 _aeng
100 _aCrease, P.
245 _aCan Granny be in the band?
260 _c1994
350 _a0
490 _aIRRV Journal
_vAugust 1994, 189(1)
520 _aLooks at the problems of identifying within dwellings, self contained units which fall to be separately banded for council tax.
650 _aAPPEALS
650 _aBANDING
650 _aCOUNCIL TAX (CHARGEABLE DWELLINGS) ORDER 1992
650 _aCOUNCIL TAX
650 _aGENERAL RATE ACT 1967
650 _aLOCAL GOVERNMENT FINANCE ACT 1992
650 _aSELF-CONTAINED UNITS
650 _aSI 1992:549
690 _aRATING AND VALUATION
942 _n0
948 _c04/03/1997
999 _c14411
_d14411